| 000 | 00787nam a2200241Ia 4500 | ||
|---|---|---|---|
| 008 | 160819s9999 xx 000 0 und d | ||
| 020 | _a978-0-8212-5718-0 | ||
| 050 | _aCUL TX 714 | ||
| 050 | _b.D67 2006 | ||
| 100 | _aDornenburg, Andrew. | ||
| 245 | _aWhat to drink with what you eat : | ||
| 245 | _bthe definitive guide to pairing food with wine, beer, sprits, coffee, tea - even water - based on expert advice from America's best sommeliers / | ||
| 245 | _cAndrew Dornenburg and Karen Page; photographs by Michael Sofronski. | ||
| 260 | _aNew York : | ||
| 260 | _bBulfinch Press, | ||
| 260 | _c2006 | ||
| 300 | _a356 pages : | ||
| 300 | _bcolor illustrations ; | ||
| 300 | _c26 cm. | ||
| 650 | _aBeverages. | ||
| 650 | _aCookery. | ||
| 650 | _xWine and wine making. | ||
| 999 |
_c300659 _d300659 |
||